[Event "RC-2019-0-00233"]
[Site "LSS email"]
[Date "2019.09.03"]
[Round "?"]
[White "Madrid Sole, Antonio"]
[Black "Sandocal, Uzmir"]
[Result "1-0"]
[WhiteElo "1830"]
[BlackElo "1878"]
[PlyCount "87"]
[EventDate "2019.05.01"]
[EventType "tourn (corr)"]
[EventRounds "6"]
[EventCountry "GER"]
[SourceTitle "Corr 2022"]
[Source "ChessBase"]
[SourceDate "2021.10.24"]
[SourceVersion "1"]
[SourceVersionDate "2021.10.24"]
[SourceQuality "1"]

1. Nf3 d5 2. b3 Bf5 3. Bb2 e6 4. e3 Nd7 5. Be2 h6 6. 0-0 c6 7. c4 Ngf6 8. d3 Bd6 9. Nbd2 Qb8 10. h3 0-0 11. Rc1 Bg6 12. Re1 Rd8 13. a3 a6 14. Bf1 a5 15. d4 Rc8 16. Nb1 Ne4 17. Nc3 b6 18. Bd3 Nxc3 19. Rxc3 Bxd3 20. Qxd3 b5 21. cxd5 exd5 22. Rec1 Qb7 23. Qc2 Ra6 24. Qe2 a4 25. b4 Nb6 26. Ne5 Nc4 27. Nxc4 dxc4 28. e4 Qe7 29. e5 Bc7 30. f4 Qd7 31. Rf3 Bb6 32. Rd1 Re8 33. f5 f6 34. Kh1 Ra7 35. Rf4 Qd5 36. Qh5 Rf8 37. Rdf1 Qf7 38. Qh4 Qe7 39. e6 Rb7 40. Rg4 Kh7 41. Qh5 Ba7 42. Bc1 Rh8 43. Rg6 Kg8 44. Rf4 1-0

[Event "RC-2019-0-00233"]
[Site "LSS email"]
[Date "2019.08.20"]
[Round "?"]
[White "Mueller, Bernd"]
[Black "Sandocal, Uzmir"]
[Result "1/2-1/2"]
[WhiteElo "1726"]
[BlackElo "1878"]
[PlyCount "28"]
[EventDate "2019.05.01"]
[EventType "tourn (corr)"]
[EventRounds "6"]
[EventCountry "GER"]
[SourceTitle "Corr 2022"]
[Source "ChessBase"]
[SourceDate "2021.10.24"]
[SourceVersion "1"]
[SourceVersionDate "2021.10.24"]
[SourceQuality "1"]

1. d4 d5 2. c4 e6 3. Nc3 Be7 4. Bf4 Nf6 5. Nf3 0-0 6. e3 Nbd7 7. cxd5 Nxd5 8. Nxd5 exd5 9. a3 c5 10. dxc5 Nxc5 11. Be5 Bf6 12. Bxf6 Qxf6 13. Qd4 Qxd4 14. Nxd4 Bd7 1/2-1/2

[Event "OP-2019-0-04819"]
[Site "LSS email"]
[Date "2019.08.08"]
[Round "?"]
[White "Carlsen, Torben Erik"]
[Black "Sandocal, Uzmir"]
[Result "0-1"]
[WhiteElo "1716"]
[BlackElo "1848"]
[PlyCount "88"]
[EventDate "2019.07.30"]
[EventType "tourn (corr)"]
[EventRounds "4"]
[EventCountry "GER"]
[SourceTitle "Corr 2022"]
[Source "ChessBase"]
[SourceDate "2021.10.24"]
[SourceVersion "1"]
[SourceVersionDate "2021.10.24"]
[SourceQuality "1"]

1. e4 e5 2. Nf3 Nc6 3. Bb5 a6 4. Ba4 Nf6 5. 0-0 Be7 6. Re1 b5 7. Bb3 d6 8. c3 0-0 9. d4 Bg4 10. Be3 exd4 11. cxd4 Nh5 12. h3 Bd7 13. e5 Na5 14. g4 Nxb3 15. axb3 f5 16. gxh5 f4 17. Bd2 Bxh3 18. b4 Qd7 19. Qb3+ Be6 20. d5 Bg4 21. Nd4 f3 22. Ra3 Bh4 23. Ne6 Qf7 24. Nf4 Qf5 25. Qe3 Bxh5 26. Kh2 Be7 27. e6 Bg5 28. Ng6 Bxe3 29. Ne7+ Kh8 30. Nxf5 Bxd2 31. Nxd2 Rxf5 32. Rd3 Raf8 33. Kh3 Bg6 34. Rc3 Rxd5 35. Nxf3 c5 36. Ra3 cxb4 37. e7 Re8 38. Rxa6 Kg8 39. Nh4 Bd3 40. Ra7 Bc4 41. Re3 g5 42. Nf3 h5 43. Kg3 b3 44. Ra1 Kg7 0-1

[Event "OP-2019-0-04819"]
[Site "LSS email"]
[Date "2019.08.08"]
[Round "?"]
[White "De Paz Gonzalez, Yasset"]
[Black "Sandocal, Uzmir"]
[Result "1/2-1/2"]
[WhiteElo "1584"]
[BlackElo "1848"]
[PlyCount "50"]
[EventDate "2019.07.30"]
[EventType "tourn (corr)"]
[EventRounds "4"]
[EventCountry "GER"]
[SourceTitle "Corr 2022"]
[Source "ChessBase"]
[SourceDate "2021.10.24"]
[SourceVersion "1"]
[SourceVersionDate "2021.10.24"]
[SourceQuality "1"]

1. e4 e5 2. Nf3 Nc6 3. Bb5 a6 4. Ba4 Nf6 5. 0-0 Be7 6. Bxc6 dxc6 7. d3 Nd7 8. Be3 a5 9. Nbd2 0-0 10. Nc4 f6 11. a4 b6 12. Nh4 Bc5 13. Bd2 Re8 14. Ne3 Nf8 15. Nhf5 Ne6 16. h4 Qd7 17. h5 Qf7 18. Ng3 Nd4 19. Nef5 h6 20. Rc1 Be6 21. Be3 Rad8 22. Qg4 Kh8 23. Qg6 Qd7 24. Bxd4 Bxd4 25. c3 Bc5 1/2-1/2

[Event "OP-2019-0-04819"]
[Site "LSS email"]
[Date "2019.08.08"]
[Round "?"]
[White "Sandocal, Uzmir"]
[Black "Csoma, Robert"]
[Result "1-0"]
[WhiteElo "1848"]
[BlackElo "1041"]
[PlyCount "89"]
[EventDate "2019.07.30"]
[EventType "tourn (corr)"]
[EventRounds "4"]
[EventCountry "GER"]
[SourceTitle "Corr 2022"]
[Source "ChessBase"]
[SourceDate "2021.10.24"]
[SourceVersion "1"]
[SourceVersionDate "2021.10.24"]
[SourceQuality "1"]

1. b3 d5 2. e3 e5 3. Bb2 Bd6 4. Nf3 Nd7 5. c4 c6 6. d3 Ngf6 7. Be2 0-0 8. 0-0 Qc7 9. cxd5 cxd5 10. Qc1 Qb8 11. Ba3 e4 12. Bxd6 Qxd6 13. dxe4 dxe4 14. Rd1 Qe7 15. Nd4 Nb6 16. Qa3 Qxa3 17. Nxa3 Bd7 18. Ndb5 a6 19. Nd6 Bc6 20. Nac4 Nxc4 21. Bxc4 b5 22. Be2 Rfd8 23. Rac1 Bd5 24. Nf5 Be6 25. Nd4 Bd5 26. g4 h6 27. Kg2 Rac8 28. Kg3 Kh7 29. h4 g5 30. hxg5 hxg5 31. Rh1+ Kg6 32. a4 bxa4 33. bxa4 a5 34. Nf5 Ng8 35. Rb1 Rc6 36. Rhd1 Rc2 37. Ba6 Rc6 38. Bb7 Rc5 39. Rb6+ f6 40. Rb5 Bc6 41. Rxd8 Bxb5 42. Rxg8+ Kf7 43. Rg7+ Kf8 44. axb5 Rxb5 45. Rc7 1-0